00370nam a2200145Ia 4500003000400000005001700004008004100021040000900062082001800071100001700089245005100106260003800157300000900195650002000204OSt20200320155905.0190216s9999||||xx |||||||||||||| ||und|| coclc a297.63bAFZ/L aAfzal, Omar  4aThe Life Of The Prophet Muhammad /cOmar Afzal bAktaba Alhasanat,c2000.aRampur: a167p aIslamic History